Sports Quiz

Random Sports or Baseball Quiz
Score 0/28 Timer 02:00
0 Plays Today
Year Player % Correct
2017Aaron Judge
97.7%
2001Sammy Sosa
97.7%
1999Sammy Sosa
97.7%
1998Sammy Sosa
97.7%
2017Giancarlo Stanton
97.6%
2001Barry Bonds
97.4%
2006Ryan Howard
94.2%
2007Alex Rodriguez
94%
2006David Ortiz
94%
2002Alex Rodriguez
94%
2001Alex Rodriguez
94%
1999Mark McGwire
94%
1998Mark McGwire
94%
1997Mark McGwire
94%
Year Player % Correct
1996Mark McGwire
94%
1998Ken Griffey
93.2%
1997Ken Griffey
93.2%
2007Prince Fielder
89.5%
1961Mickey Mantle
89.5%
1961Roger Maris
89.1%
2001Luis Gonzalez
87.5%
2002Jim Thome
83.8%
1996Brady Anderson
75.1%
1938Hank Greenberg
69.9%
1938Jimmie Foxx
69%
1947Ralph Kiner
64.3%
1998Greg Vaughn
62.2%
1947Johnny Mize
44.6%
Remove Ads.
Support Sporcle.
Get the best of Sporcle when you Go Orange. This ad-free experience offers more features, more stats, and more fun while also helping to support Sporcle. Thank you for becoming a member.

You're not logged in!

Compare scores with friends on all Sporcle quizzes.
OR
Log In

Sporcle TV

Today on Sporcle TV


Watch our educational content, quiz creation guides, and fun videos on Sporcle TV.

Show Comments

Extras

Top Quizzes Today


Score Distribution

Paid Content

Your Account Isn't Verified!

In order to create a playlist on Sporcle, you need to verify the email address you used during registration. Go to your Sporcle Settings to finish the process.

Report this User

Report this user for behavior that violates our Community Guidelines.

Details: